000 00669nam a2200181 i 4500
001 42219
003 ES-MaACL
005 20230906160553.0
007 t|
008 030313s1902 sp ||||1| spa d
100 1 _aCastillejo, José (
_d1877-1945)
_9159931
245 1 3 _aLa forma contractual en el Derecho de sucesiones
_b: memoria premiada ... en el consurso abierto para honrar la memoria de Don Augusto Comas /
_cJosé Castillejo y Duarte.
260 _aMadrid :
_b[s.n.,
_c1902] (
_fHijos de M. G. Hernández)
300 _a178 p. ;
_c18 cm.
650 4 _aSucesión contractual.
_9149541
700 1 _aComas y Arqués, Augusto.
_939953
852 _aES-MaACL
_jD-2122
999 _c42219
_d42219